Statistics for Google Maps Cities - Indiana

Click here to take the quiz!

General Stats

  • This quiz has been taken 29 times
  • The average score is 8 of 11

Answer Stats

City% Correct
Fort Wayne
100%
Indianapolis
100%
South Bend
94%
Evansville
89%
Bloomington
78%
Carmel
67%
Terre Haute
67%
Lafayette
61%
Elkhart
50%
Columbus
39%
Greenwood
39%

Score Distribution

Percentile by Number Answered

Percent of People with Each Score

Your Score History

You have not taken this quiz